Normal view
MARC view
- تأليف الرافعي، مصطفى صادق ؛ راجعه وضبطه المنشاوي، عبد الله ، مهدي البحقيري
Entry Personal Name
001 - CONTROL NUMBER
- control field: 26566
003 - CONTROL NUMBER IDENTIFIER
- control field: JO-AjAnu
005 - DATE AND TIME OF LATEST TRANSACTION
- control field: 20230606074526.0
008 - FIXED-LENGTH DATA ELEMENTS
- fixed length control field: 230606|| aca||aabn | a|a d
040 ## - CATALOGING SOURCE
- Original cataloging agency: JO-AjAnu
- Transcribing agency: JO-AjAnu
100 ## - HEADING--PERSONAL NAME
- Personal name: تأليف الرافعي، مصطفى صادق ؛ راجعه وضبطه المنشاوي، عبد الله ، مهدي البحقيري
670 ## - SOURCE DATA FOUND
- Source citation: Work cat.: (JO-AjAnu)13649: تأليف الرافعي، مصطفى صادق ؛ راجعه وضبطه المنشاوي، عبد الله ، مهدي البحقيري, author, تاريخ آداب العرب، الجزء الأول